A text book on radio and television / (Record no. 182994)
[ view plain ]
| 000 -LEADER | |
|---|---|
| fixed length control field | 00802 a2200193 4500 |
| 003 - CONTROL NUMBER IDENTIFIER | |
| control field | Nust |
| 005 - DATE AND TIME OF LATEST TRANSACTION | |
| control field | 20250923171313.0 |
| 040 ## - CATALOGING SOURCE | |
| Transcribing agency | Nust |
| 082 ## - DEWEY DECIMAL CLASSIFICATION NUMBER | |
| Classification number | 621.384,GOY |
| 100 ## - MAIN ENTRY--PERSONAL NAME | |
| Personal name | Goyal, N. C. |
| 9 (RLIN) | 130666 |
| 245 ## - TITLE STATEMENT | |
| Title | A text book on radio and television / |
| Statement of responsibility, etc. | N. C. Goyal and S. K. Mukherjee |
| 250 ## - EDITION STATEMENT | |
| Edition statement | 4th. |
| 260 ## - PUBLICATION, DISTRIBUTION, ETC. | |
| Place of publication, distribution, etc. | New Delhi |
| Name of publisher, distributor, etc. | Khanna Pub. |
| Date of publication, distribution, etc. | 1988 |
| 300 ## - PHYSICAL DESCRIPTION | |
| Extent | 752 p. |
| 505 ## - FORMATTED CONTENTS NOTE | |
| Formatted contents note | Radio Broadcasting System (Page-1) Sound Speech and Music as Related to Broadcasting (Page-5) Electron Theory, Electric Current (Page-51) Electrical Circuits Electromagnetic Induction (Page-138) Inductance and Inductors (Page-166) Capacitance and Condensers (Page-184) Alternating Current Circuits (Page-221) |
| 538 ## - SYSTEM DETAILS NOTE | |
| System details note | Almirah No.38 Shelf No.6 |
| 650 ## - SUBJECT ADDED ENTRY--TOPICAL TERM | |
| Topical term or geographic name entry element | Telecommunication engineering |
| 942 ## - ADDED ENTRY ELEMENTS (KOHA) | |
| Source of classification or shelving scheme | |
| Koha item type | Book |
| Withdrawn status | Lost status | Source of classification or shelving scheme | Damaged status | Not for loan | Permanent Location | Current Location | Shelving location | Date acquired | Full call number | Barcode | Date last seen | Price effective from | Koha item type | Public note |
|---|---|---|---|---|---|---|---|---|---|---|---|---|---|---|
| Military College of Signals (MCS) | Military College of Signals (MCS) | General Stacks | 12/12/2016 | 621.384,GOY | MCS20750 | 12/08/2016 | 12/12/2016 | Book | Almirah No.84, Shelf No.1 |
